| 000 | 00410nam a22001697a 4500 | ||
|---|---|---|---|
| 003 | OSt | ||
| 008 | 240101b |||||||| |||| 00| 0 eng d | ||
| 020 | _a9788126935772 | ||
| 082 | _a485.5 SHP | ||
| 100 | _aSHAMIM,Amna | ||
| 245 | _aProfessional Communication Winning the Trajectories | ||
| 250 | _a1st Ed | ||
| 260 |
_aNew Delhi _bAtlantic _c2023 |
||
| 300 | _a178 | ||
| 650 | _aLanguage | ||
| 942 |
_2ddc _cBK |
||
| 999 |
_c12147 _d12147 |
||